000 00563nam a2200133Ia 4500
008 160809s9999 xx 000 0 und d
100 _aWong, Meng Ee.
245 _aSUPPORTING INCLUSIVE EDUCATION: NEGOTIATING HOME-SCHOOL PARTNERSHIP IN SINGAPORE
245 _cMeng Ee Wong, Zi Jia Ng, Kenneth Poon National Institute of Education.
260 _bInternational Journal of Special Education
260 _c2015
650 _xSPECIAL EDUCATION
856 _uhttp://www.internationaljournalofspecialed.com/docs/IJSE%20Entire%20Issue%202015%20Vol%2030%20Issue%203.pdf
999 _c300238
_d300238